| 000 | 00596nam a2200193 u 4500 | ||
|---|---|---|---|
| 005 | 20240806063927.0 | ||
| 008 | 100513s2000 mx r 000 0 spa d | ||
| 020 | _a9686871314 | ||
| 035 | _aUPN01000175805 | ||
| 049 | _aCG | ||
| 050 | 4 |
_aPQ7297 R6.4 _bN6.9 |
|
| 100 | 1 |
_aRoa Bárcena, José María, _d1827-1908 _930239 |
|
| 245 | 1 | 0 |
_aNovelas y cuentos / _cJosé María Roa Bárcena ; prólog. Leticia Algaba. |
| 260 |
_aMéxico : _bFactoría Ediciones, _c2000. |
||
| 300 | _axxiii, 319 p. | ||
| 440 | 3 |
_aLa serpiente emplumada ; _v15 |
|
| 650 | 4 |
_aLiteratura mexicana _94466 |
|
| 905 | _aLibro | ||
| 999 |
_c147908 _d147908 |
||